Jugend im Dritten Reich: die Hitlerjugend und ihre Gegner
| Main Author: | |
|---|---|
| Format: | Print Book |
| Language: | German |
| Published: |
Köln
Papyrossa
2014
|
| In: | Year: 2014 |
| Online Access: |
Inhaltstext (Publisher) Table of Contents |
| Availability in Tübingen: | Present in Tübingen. IFK: O VI 183 |
| Check availability: | HBZ Gateway |
| Subito Delivery Service: | Order now. |
| Keywords: |
MARC
| LEADER | 00000cam a2200000 c 4500 | ||
|---|---|---|---|
| 001 | 775599999 | ||
| 003 | DE-627 | ||
| 005 | 20251224185949.0 | ||
| 007 | tu | ||
| 008 | 140106s2014 gw ||||| 00| ||ger c | ||
| 015 | |a 14,N01 |2 dnb | ||
| 015 | |a 14,N01 |2 dnb | ||
| 016 | 7 | |a 1045300411 |2 DE-101 | |
| 020 | |a 9783894385521 |c kart. : EUR 16.90 (DE), EUR 17.40 (AT), sfr 23.50 (freier Pr.) |9 978-3-89438-552-1 | ||
| 024 | 3 | |a 9783894385521 | |
| 035 | |a (DE-627)775599999 | ||
| 035 | |a (DE-576)407301925 | ||
| 035 | |a (DE-599)DNB1045300411 | ||
| 035 | |a (OCoLC)867155733 | ||
| 035 | |a (OCoLC)985417823 | ||
| 040 | |a DE-627 |b ger |c DE-627 |e rakwb | ||
| 041 | |a ger | ||
| 044 | |c XA-DE-NW | ||
| 072 | 7 | |a Mentalitäts- und Sozialgeschichte |2 bicssc | |
| 082 | 0 | |a 943.086 |2 22/ger | |
| 082 | 0 | 4 | |a 943 |q DNB |
| 084 | |a NQ 2260 |2 rvk |0 (DE-625)rvk/128240: | ||
| 084 | |a 15.43 |2 bkl | ||
| 084 | |a 89.21 |2 bkl | ||
| 084 | |a 71.35 |2 bkl | ||
| 084 | |a 77.56 |2 bkl | ||
| 090 | |a a | ||
| 100 | 1 | |a Klönne, Arno |d 1931-2015 |0 (DE-588)124574157 |0 (DE-627)372625290 |0 (DE-576)161742661 |4 aut | |
| 109 | |a Klönne, Arno 1931-2015 |a Klönne, A. 1931-2015 | ||
| 245 | 1 | 0 | |a Jugend im Dritten Reich |b die Hitlerjugend und ihre Gegner |c Arno Klönne |
| 264 | 1 | |a Köln |b Papyrossa |c 2014 | |
| 300 | |a 327 S. |b Ill. |c 197 mm x 130 mm | ||
| 336 | |a Text |b txt |2 rdacontent | ||
| 337 | |a ohne Hilfsmittel zu benutzen |b n |2 rdamedia | ||
| 338 | |a Band |b nc |2 rdacarrier | ||
| 490 | 0 | |a PapyRossa Paperback |v 2020 | |
| 500 | |a Literaturverz. S. 325 - 327 | ||
| 583 | 1 | |a Archivierung prüfen |c 20251012 |f DE-4165 |z 2 |2 pdager | |
| 610 | 2 | 0 | |a Hitler-Jugend |
| 610 | 2 | 7 | |0 (DE-588)31334-8 |0 (DE-627)10073829X |0 (DE-576)190312742 |a Hitler-Jugend |2 gnd |
| 610 | 2 | 7 | |0 (DE-588)31336-1 |0 (DE-627)100738397 |0 (DE-576)190312769 |a Bund Deutscher Mädel |2 gnd |
| 650 | 0 | 7 | |0 (DE-588)4041316-0 |0 (DE-627)106219685 |0 (DE-576)209044454 |a Nationalsozialismus |2 gnd |
| 650 | 0 | 7 | |0 (DE-588)4041316-0 |0 (DE-627)106219685 |0 (DE-576)209044454 |a Nationalsozialismus |2 gnd |
| 650 | 0 | 7 | |0 (DE-588)4079262-6 |0 (DE-627)104675039 |0 (DE-576)209211776 |a Widerstand |2 gnd |
| 650 | 0 | 7 | |0 (DE-588)4028859-6 |0 (DE-627)104419199 |0 (DE-576)208979859 |a Jugend |2 gnd |
| 650 | 0 | 7 | |0 (DE-588)4028871-7 |0 (DE-627)104137835 |0 (DE-576)208979948 |a Jugendbewegung |2 gnd |
| 650 | 0 | 7 | |0 (DE-588)4120532-7 |0 (DE-627)105775843 |0 (DE-576)209535881 |a Jugendverband |2 gnd |
| 650 | 0 | 7 | |0 (DE-588)4002589-5 |0 (DE-627)106392735 |0 (DE-576)208847839 |a Arbeiterjugendbewegung |2 gnd |
| 650 | 0 | 7 | |0 (DE-588)4122973-3 |0 (DE-627)105758531 |0 (DE-576)209555807 |a Bündische Jugend |2 gnd |
| 650 | 0 | 7 | |0 (DE-588)4030702-5 |0 (DE-627)104731745 |0 (DE-576)208988742 |a Kirche |2 gnd |
| 650 | 0 | 7 | |0 (DE-588)4028808-0 |0 (DE-627)10430670X |0 (DE-576)208979565 |a Juden |2 gnd |
| 651 | 7 | |0 (DE-588)4011882-4 |0 (DE-627)104704861 |0 (DE-576)208896155 |a Deutschland |2 gnd | |
| 689 | 0 | 0 | |d s |0 (DE-588)4041316-0 |0 (DE-627)106219685 |0 (DE-576)209044454 |a Nationalsozialismus |2 gnd |
| 689 | 0 | 1 | |d s |0 (DE-588)4079262-6 |0 (DE-627)104675039 |0 (DE-576)209211776 |a Widerstand |2 gnd |
| 689 | 0 | 2 | |d s |0 (DE-588)4028859-6 |0 (DE-627)104419199 |0 (DE-576)208979859 |a Jugend |2 gnd |
| 689 | 0 | 3 | |a z |2 gnd |a Geschichte 1933-1945 |
| 689 | 0 | |5 DE-101 | |
| 689 | 1 | 0 | |d s |0 (DE-588)4013021-6 |0 (DE-627)104682922 |0 (DE-576)208901639 |a Drittes Reich |2 gnd |
| 689 | 1 | 1 | |d s |0 (DE-588)4079262-6 |0 (DE-627)104675039 |0 (DE-576)209211776 |a Widerstand |2 gnd |
| 689 | 1 | 2 | |d s |0 (DE-588)4028859-6 |0 (DE-627)104419199 |0 (DE-576)208979859 |a Jugend |2 gnd |
| 689 | 1 | |5 DE-101 | |
| 689 | 2 | 0 | |d b |0 (DE-588)31334-8 |0 (DE-627)10073829X |0 (DE-576)190312742 |a Hitler-Jugend |2 gnd |
| 689 | 2 | 1 | |a z |2 gnd |a Geschichte |
| 689 | 2 | |5 DE-101 | |
| 856 | 4 | 2 | |u http://deposit.dnb.de/cgi-bin/dokserv?id=4542767&prov=M&dok_var=1&dok_ext=htm |m X: MVB |q text/html |v 2014-01-06 |x Verlag |3 Inhaltstext |7 1 |
| 856 | 4 | 2 | |u http://d-nb.info/1045300411/04 |m B:DE-101 |q application/pdf |3 Inhaltsverzeichnis |7 1 |
| 935 | |i sf | ||
| 935 | |i Blocktest | ||
| 936 | r | v | |a NQ 2260 |b Jugend |k Geschichte |k Geschichte seit 1918 |k Drittes Reich |k Innere Geschichte |k Jugend |0 (DE-627)1270875507 |0 (DE-625)rvk/128240: |0 (DE-576)200875507 |
| 936 | b | k | |a 15.43 |j Deutsche Geschichte des 19. Jahrhunderts bis zur Gegenwart |0 (DE-627)181569701 |
| 936 | b | k | |a 89.21 |j Faschismus |0 (DE-627)106414607 |
| 936 | b | k | |a 71.35 |j Kindersoziologie |j Jugendsoziologie |0 (DE-627)106412698 |
| 936 | b | k | |a 77.56 |j Jugendpsychologie |0 (DE-627)106413198 |
| 951 | |a BO | ||
| ELC | |b 1 | ||
| LOK | |0 000 xxxxxcx a22 zn 4500 | ||
| LOK | |0 001 3142626018 | ||
| LOK | |0 003 DE-627 | ||
| LOK | |0 004 775599999 | ||
| LOK | |0 005 20171011141449 | ||
| LOK | |0 008 170626||||||||||||||||ger||||||| | ||
| LOK | |0 040 |a DE-21-110 |c DE-627 |d DE-21-110 | ||
| LOK | |0 689 |a s |a Drittes Reich | ||
| LOK | |0 689 |a s |a Jugendliche | ||
| LOK | |0 689 |a s |a Sozialisation | ||
| LOK | |0 689 |a s |a Verbände | ||
| LOK | |0 689 |a s |a Organisation | ||
| LOK | |0 689 |a s |a Widerstand | ||
| LOK | |0 852 |a DE-21-110 | ||
| LOK | |0 852 1 |c O VI 183 |m p |9 00 | ||
| LOK | |0 938 |a 1710 | ||
| LOK | |0 938 |k p | ||
| LOK | |0 939 |a 26-06-17 |b l01 | ||
| ORI | |a SA-MARC-krimdoka001.raw | ||
| SIG | |a IFK: O VI 183 | ||
| TIM | |a 100019330101_100019451231 |b Geschichte 1933-1945 | ||
